Successful management by objectives : An action manual

Bibliographic Details
Main Author: Albrecht, Karl G.
Format: Book
Published: Englewood Cliff, N. J. : Prentice Hall , 1978
Subjects:

MARC

LEADER 00000cam a2200000 7i4500
001 0000004138
005 20050506.0
020 |a 0138632669 
040 |a INS 
090 0 0 |a HD31.   |b A356 1987 
100 1 |a Albrecht, Karl G. 
245 1 0 |a Successful management by objectives :   |b An action manual   |c Karl G. Albrecht 
260 |a Englewood Cliff, N. J. :   |b Prentice Hall ,   |c 1978 
300 |a ix, 266p :   |b ill ;   |c 20 cm. 
650 0 0 |a Management by objectives 
999 |a 0000000033   |b BOOK   |c Open Shelf   |e Default branch